[Event "IECC M email"]
[Site "IECC email"]
[Date "2001.12.10"]
[Round "?"]
[White "Aydeniz, Baris"]
[Black "Van de Groep, Kevin"]
[Result "0-1"]
[WhiteElo "986"]
[BlackElo "1048"]
[PlyCount "56"]
[EventDate "2001.??.??"]
[EventType "tourn (corr)"]
[EventRounds "6"]
[SourceTitle "Corr 2008"]
[Source "ChessBase"]
[SourceDate "2008.06.24"]
[SourceVersion "1"]
[SourceVersionDate "2008.06.24"]
[SourceQuality "1"]

1. d4 Nf6 2. f3 d6 3. c3 Nbd7 4. Qd3 c5 5. Na3 a6 6. e4 g6 7. Bd2 b5 8. c4 cxd4 9. Qxd4 e5 10. Qc3 Rb8 11. b4 Bg7 12. g4 0-0 13. g5 Nh5 14. Bh3 Nf4 15. cxb5 axb5 16. Nxb5 Rxb5 17. Qc4 Qb6 18. a4 Rxb4 19. Bxb4 Ba6 20. a5 Qe3+ 21. Kd1 Bxc4 22. Bxd6 Be2+ 23. Kc2 Rc8+ 24. Kb2 Qd2+ 25. Ka3 Qxa5+ 26. Kb2 Qc3+ 27. Ka2 Ra8+ 28. Kb1 Rxa1# 0-1